[Event "Gibtelecom Masters"]
[Site "Catalan Bay ENG"]
[Date "2007.01.30"]
[Round "7"]
[White "Steel,H"]
[Black "Gunnarsson,J"]
[Result "1/2-1/2"]
[WhiteElo "2175"]
[BlackElo "2419"]
[EventDate "2007.01.23"]

1. e4 c5 2. Nf3 d6 3. d4 cxd4 4. Nxd4 Nf6 5. Nc3 Nc6 6. h3 e6 7. Be3 a6 8.
g4 h6 9. Bg2 Bd7 10. O-O Ne5 11. a4 Rc8 12. Nde2 b5 13. axb5 axb5 14. b3 g5
15. Qd4 Be7 16. Ra6 Qc7 17. Rfa1 O-O 18. Kh1 Ng6 19. Ra7 Qb8 20. Qd2 Bc6
21. Nd4 Bd7 22. Nce2 Rc7 23. R7a5 Nh4 24. Ng3 Nxg2 25. Kxg2 Rfc8 26. R1a2
Nh7 27. Qd3 Rb7 28. Nh5 Nf6 29. Nxf6+ Bxf6 30. h4 Qc7 31. hxg5 hxg5 32.
Nxb5 Bxb5 33. Rxb5 Rxb5 34. Qxb5 d5 35. exd5 Qe5 36. Qe2 Qxd5+ 37. Qf3 Qd8
38. Ra7 Qd5 39. Qxd5 exd5 40. Rd7 d4 41. Bxd4 Bxd4 42. Rxd4 Rxc2 43. Rd5 f6
44. Rd7 Kf8 45. Rb7 Rc3 46. b4 Rc4 47. Kf3 Rf4+ 48. Kg3 Rc4 49. b5 Rc3+ 50.
Kg2 Rb3 51. b6 Kg8 52. Rb8+ Kg7 53. Kf1 Rb5 54. Ke2 f5 55. gxf5 Re5+ 56.
Kf1 Rxf5 57. Rc8 Rb5 58. Rc7+ Kf6 59. b7 g4 60. Ke2 Ke6 61. Ke3 Rb4 62. Kd3
Kd6 63. Rg7 Kd5 64. Rg5+ Kc6 65. Rg7 Kd5 66. Ke3 Ke5 67. Kd2 Kd5 68. Kc2
Kc5 69. Kd1 Kd5 70. Ke2 Rb3 71. Kd1 Rb4 72. Kc2 Kc5 73. Kc3 Rb1 74. Rf7 Kd5
75. Rd7+ Kc6 76. Rg7 Kd5 77. Kd3 Rb4 78. Ke2 Re4+ 79. Kf1 Rb4 80. Kg2 Rb3
81. Rg5+ Ke6 82. Rxg4 1/2-1/2

[Event "Gibtelecom Masters"]
[Site "Catalan Bay ENG"]
[Date "2007.01.30"]
[Round "7"]
[White "Ippolito,D"]
[Black "Tredinnick,M"]
[Result "1-0"]
[WhiteElo "2397"]
[BlackElo "2189"]
[EventDate "2007.01.23"]

1. d4 d5 2. c4 e6 3. Nf3 c6 4. g3 Nf6 5. Bg2 Nbd7 6. Qb3 Bd6 7. O-O O-O 8.
Nc3 dxc4 9. Qxc4 c5 10. dxc5 Nxc5 11. Rd1 Qe7 12. Nb5 Bb8 13. b3 a6 14. Nc3
b5 15. Qh4 Bb7 16. Ba3 Ba7 17. e4 Rfe8 18. e5 Nfe4 19. Qxe7 Rxe7 20. Nxe4
Bxe4 21. Rac1 Rd7 22. Rxd7 Nxd7 23. Rc7 Nf8 24. Ng5 Bxg2 25. Kxg2 Bb6 26.
Rxf7 h6 27. Rxf8+ Rxf8 28. Bxf8 hxg5 29. Bd6 g4 30. f3 gxf3+ 31. Kxf3 Kf7
32. g4 g5 33. Ke4 Ke8 34. Bb4 Kf7 35. Bd2 Kg6 36. Be3 Bc7 37. Bc5 Ba5 38.
h3 Bd8 39. Kd4 Bc7 40. Ba7 Kf7 41. a4 bxa4 42. bxa4 Kg6 43. Bc5 Bb8 44. Bd6
Ba7+ 45. Kc4 Bb6 46. Bc5 Bc7 47. Bd4 Kf7 48. Kc5 Ba5 49. Be3 Bd8 50. Kc6
Ke8 51. Kd6 1-0

[Event "Gibtelecom Masters"]
[Site "Catalan Bay ENG"]
[Date "2007.01.30"]
[Round "7"]
[White "Grooten,H"]
[Black "Andreassen,L"]
[Result "1-0"]
[WhiteElo "2387"]
[BlackElo "2160"]
[EventDate "2007.01.23"]

1. d4 d5 2. c4 e6 3. Nf3 c5 4. cxd5 exd5 5. g3 Nc6 6. Bg2 Nf6 7. O-O Be7 8.
dxc5 Bxc5 9. Bg5 Be6 10. Nc3 d4 11. Bxf6 Qxf6 12. Ne4 Qe7 13. Nfg5 Bb6 14.
Nxe6 Qxe6 15. Qd3 O-O 16. Ng5 Qg6 17. Qxg6 hxg6 18. Bxc6 bxc6 19. Rfc1 Rfe8
20. Kf1 Rac8 21. Rc4 c5 22. Nf3 Rc7 23. Rac1 Rec8 24. a3 a5 25. Ne5 Kf8 26.
Ra4 Re7 27. Nc4 Bd8 28. Nd6 Rb8 29. Rxc5 Rxb2 30. Rc8 Rd7 31. Rxd4 Rb1+ 32.
Kg2 Ke7 33. Rc6 Kf8 34. e3 Rb3 35. Ra4 Ke7 36. Re4+ Kf6 37. h4 Rb6 38. Ne8+
Kf5 39. Kf3 Rxc6 40. g4+ 1-0

[Event "Gibtelecom Masters"]
[Site "Catalan Bay ENG"]
[Date "2007.01.30"]
[Round "7"]
[White "Bellin,R"]
[Black "Wade,R"]
[Result "1-0"]
[WhiteElo "2381"]
[BlackElo "2173"]
[EventDate "2007.01.23"]

1. d4 Nf6 2. Nf3 e6 3. e3 b6 4. Bd3 Bb7 5. O-O Be7 6. Qe2 Be4 7. Bxe4 Nxe4
8. Nbd2 Nxd2 9. Bxd2 d5 10. c4 O-O 11. Rfd1 c5 12. Bc3 cxd4 13. Nxd4 Bf6
14. cxd5 exd5 15. Nb5 Bxc3 16. Nxc3 Nd7 17. Nxd5 Nf6 18. Qf3 Nxd5 19. Qxd5
Qf6 20. Qd4 Qe6 21. Qd6 Qc4 22. b3 Qa6 23. Rd2 Rac8 24. h3 h6 25. Rad1 Qa5
26. Qd5 Qa3 27. Kh2 Qa6 28. Qf3 Qa5 29. g3 Rc1 30. Rd5 Rc5 31. Rxc5 Qxc5
32. Rd7 Qa3 33. Qe2 g6 34. Kg2 Qa5 35. a4 Rc8 36. Qf3 Rf8 37. Qf4 Qc3 38.
Rxa7 Qxb3 39. Qxh6 b5 40. axb5 Qd5+ 41. Kh2 Qxb5 42. Qf4 Qc5 43. Rd7 Qc6
44. Rd6 Qc5 45. Qf6 Re8 46. Rd7 Qc4 47. Rd8 Qe4 48. Qd4 Qe6 49. Rd6 Qe5 50.
Qxe5 Rxe5 51. g4 Kg7 52. Kg3 Ra5 53. h4 Rb5 54. e4 Ra5 55. Rd5 Ra1 56. h5
gxh5 57. Rxh5 Rg1+ 58. Kf4 Re1 59. Ra5 Re2 60. f3 Rf2 61. g5 Kg6 62. Ra6+
Kg7 63. Kg4 Re2 64. Kf5 1-0

[Event "Gibtelecom Masters"]
[Site "Catalan Bay ENG"]
[Date "2007.01.30"]
[Round "7"]
[White "Dittmar,P"]
[Black "Daoudi,K"]
[Result "1-0"]
[WhiteElo "2351"]
[BlackElo "2129"]
[EventDate "2007.01.23"]

1. Nf3 Nf6 2. c4 e6 3. e3 d5 4. b3 Be7 5. Bb2 O-O 6. Be2 c5 7. cxd5 exd5 8.
O-O Nc6 9. d4 Bg4 10. dxc5 Bxc5 11. Nc3 Re8 12. Na4 Bd6 13. Rc1 Ne4 14. Nc3
Qa5 15. Nd4 Bxe2 16. Ndxe2 Rad8 17. Na4 Re6 18. Nd4 Nxd4 19. Bxd4 Rh6 20.
g3 Ba3 21. Rc2 Qa6 22. Qg4 Rg6 23. Qf3 b5 24. Nb2 b4 25. Na4 Ng5 26. Qf5 h5
27. Nc5 Qb5 28. h4 Nh7 29. Qxh5 Nf6 30. Qf5 Ne8 31. Rd1 Rc6 32. Rdd2 a5 33.
Qd3 Qb8 34. Nd7 Qd6 35. Ne5 Ra6 36. Rc5 a4 37. Rdc2 axb3 38. axb3 Nf6 39.
Nc6 Re8 40. Qxa6 1-0

[Event "Gibtelecom Masters"]
[Site "Catalan Bay ENG"]
[Date "2007.01.30"]
[Round "7"]
[White "Saint Amand,P"]
[Black "Quillan,G"]
[Result "0-1"]
[WhiteElo "2150"]
[BlackElo "2354"]
[EventDate "2007.01.23"]

1. e4 e6 2. d4 d5 3. Nd2 Nf6 4. e5 Nfd7 5. Bd3 c5 6. c3 Nc6 7. Ne2 cxd4 8.
cxd4 f6 9. exf6 Nxf6 10. O-O Bd6 11. Nf3 Qc7 12. Bg5 O-O 13. Bh4 Nh5 14.
Qc2 h6 15. Bh7+ Kh8 16. Bg6 Rxf3 17. Bxh5 Rf8 18. Bg3 Bd7 19. Rad1 Rac8 20.
Nc3 Bxg3 21. hxg3 Qb6 22. Qd2 Rf6 23. Rfe1 Ne7 24. Re2 Rc4 25. Re3 Nf5 26.
Rd3 Nd6 27. Re1 a5 28. Bg4 Rc7 29. b3 Qb4 30. Ree3 b6 31. Rf3 Rxf3 32. Bxf3
Nf5 33. Ne2 Qd6 34. Rc3 Rxc3 35. Qxc3 Qb4 36. Qc7 Qd6 37. Qd8+ Kh7 38. g4
Bb5 39. Qxd6 Nxd6 40. Nc3 Bd3 41. Be2 Bxe2 42. Nxe2 Kg6 43. f3 b5 44. Kf2
b4 45. Ke3 Nb5 46. Kd3 Kf6 47. f4 g6 48. Ng3 Nd6 49. Ke3 Ne8 50. Kf3 Ng7
51. Nf1 Ne8 52. Ne3 Nd6 53. Nc2 Nb5 54. Ke3 h5 55. Kf3 hxg4+ 56. Kxg4 Nc3
57. a3 a4 58. Na1 axb3 59. Nxb3 bxa3 60. Kf3 Ne4 61. g4 Ke7 62. Ke3 Nf6 63.
Kd3 Nxg4 64. Kc3 Ne3 65. Na1 Kf6 66. Kd3 Ng2 67. Nc2 a2 68. Kc3 Ne3 0-1

[Event "Gibtelecom Masters"]
[Site "Catalan Bay ENG"]
[Date "2007.01.30"]
[Round "7"]
[White "Werner,Di"]
[Black "Sharp,D"]
[Result "0-1"]
[WhiteElo "2353"]
[BlackElo "2085"]
[EventDate "2007.01.23"]

1. d4 e6 2. e4 d5 3. Nc3 Bb4 4. e5 c5 5. Bd2 Ne7 6. Nb5 Bxd2+ 7. Qxd2 O-O
8. f4 cxd4 9. Nf3 Nbc6 10. Nbxd4 Nxd4 11. Nxd4 Nc6 12. Nf3 f6 13. O-O-O
fxe5 14. fxe5 Qc7 15. Re1 Qa5 16. Qxa5 Nxa5 17. Bd3 Bd7 18. b4 Nc6 19. c3
Rf4 20. a3 Raf8 21. Re2 h6 22. b5 Ne7 23. Nd4 Nc8 24. Kb2 Nb6 25. Kb3 Rc8
26. Rc1 Rxd4 0-1

[Event "Gibtelecom Masters"]
[Site "Catalan Bay ENG"]
[Date "2007.01.30"]
[Round "7"]
[White "Eggleston,D"]
[Black "Helin,M"]
[Result "1-0"]
[WhiteElo "2284"]
[BlackElo "1951"]
[EventDate "2007.01.23"]

1. e4 c5 2. Nf3 a6 3. Nc3 e6 4. d4 cxd4 5. Nxd4 Qc7 6. g3 Bb4 7. Bd2 Nc6 8.
Nxc6 dxc6 9. Bg2 e5 10. O-O Be7 11. a4 Nf6 12. a5 Be6 13. Na4 h5 14. h4 Rd8
15. Qe2 Rd4 16. b3 Ng4 17. Bc3 Rxa4 18. Rxa4 g5 19. hxg5 h4 20. gxh4 Rxh4
21. Bd2 Qd8 22. Qd3 Qc8 23. Qg3 Rh5 24. b4 c5 25. f3 Nh2 26. Rf2 Qd7 27.
Ra3 Qd4 28. c3 Qd3 29. Ra1 cxb4 30. cxb4 Ng4 31. Bf1 Qb3 32. Rg2 Ne3 33.
Bxe3 Qxe3+ 34. Qf2 Bxg5 35. Re1 Qd4 36. Qxd4 exd4 37. Rh2 Be3+ 38. Rxe3
Rg5+ 39. Kf2 dxe3+ 40. Kxe3 Rg1 41. Rf2 Ke7 42. Kd4 f5 43. Bd3 Rd1 44. Rh2
fxe4 45. fxe4 Bd7 46. Kc3 Bc6 47. Rh5 Re1 48. Kd4 Rd1 49. Rg5 Bb5 50. Rg3
Ke6 51. Kc3 Bc6 52. Bc2 Re1 53. Kd4 Ke7 54. e5 Re2 55. Bd3 Rd2 56. Kc5 Rb2
57. Bc4 Rc2 58. Rg7+ Kf8 59. Rc7 Bb5 60. Kd4 Rc1 61. e6 Rd1+ 62. Ke5 Bxc4
63. Rxc4 Re1+ 64. Kd6 Rd1+ 65. Kc7 Ke7 66. Kxb7 Kxe6 67. Kxa6 Kd5 68. Rc5+
Kd6 69. Kb6 Kd7 70. b5 Rd6+ 71. Rc6 Rd3 72. a6 Ra3 73. a7 Ra4 74. Kb7 Ra5
75. a8=Q Rxb5+ 76. Rb6 Rc5 77. Qa7 Rc2 78. Ka6+ Kd8 79. Rb8+ 1-0

[Event "Gibtelecom Masters"]
[Site "Catalan Bay ENG"]
[Date "2007.01.30"]
[Round "7"]
[White "Dworakowska,J"]
[Black "Soraas,T"]
[Result "1-0"]
[WhiteElo "2376"]
[BlackElo "2155"]
[EventDate "2007.01.23"]

1. e4 c5 2. Nf3 Nc6 3. Bb5 g6 4. Bxc6 dxc6 5. h3 Bg7 6. d3 Nf6 7. Nc3 Nd7
8. Be3 e5 9. Qd2 Qe7 10. Bh6 f6 11. Bxg7 Qxg7 12. Qe3 b6 13. Nd2 Nf8 14. f4
exf4 15. Qxf4 Ne6 16. Qf2 Nd4 17. O-O-O Be6 18. Nf3 O-O-O 19. Nxd4 Rxd4 20.
Rhf1 Rf8 21. Kb1 Bg8 22. g4 Be6 23. Rde1 Rdd8 24. Re3 c4 25. Rf3 cxd3 26.
cxd3 Qd7 27. Rd1 Qe7 28. d4 f5 29. gxf5 gxf5 30. exf5 Qf6 31. Ka1 Bc4 32.
Rf4 Qf7 33. Re1 Rd6 34. Ne4 Rh6 35. f6 Qd7 36. h4 Bd5 37. Ng5 Bf7 38. b3 a5
39. Re7 Qd5 40. Qe2 Bh5 41. Qa6+ 1-0

[Event "Gibtelecom Masters"]
[Site "Catalan Bay ENG"]
[Date "2007.01.30"]
[Round "7"]
[White "Meenakshi,S1"]
[Black "Nemcova,Kat"]
[Result "0-1"]
[WhiteElo "2293"]
[BlackElo "2147"]
[EventDate "2007.01.23"]

1. d4 Nf6 2. c4 g6 3. Nf3 Bg7 4. g3 d6 5. Bg2 O-O 6. O-O c6 7. Nc3 Qa5 8.
Re1 Qh5 9. h4 e5 10. Bg5 h6 11. Bxf6 Bxf6 12. dxe5 dxe5 13. Qd6 Qf5 14. Bh3
Qxh3 15. Qxf6 Nd7 16. Qe7 Qf5 17. Rad1 f6 18. b3 Rf7 19. Qd8+ Kg7 20. Nd2
Nc5 21. Qd6 b6 22. b4 Ne6 23. Nf3 Ba6 24. Qxc6 Bb7 25. Qa4 e4 26. Rd5 Bxd5
27. cxd5 exf3 28. dxe6 Qxe6 29. Qb5 Rc8 30. Nd5 fxe2 31. Rxe2 Qf5 32. a4 a6
33. Qxa6 Rc1+ 0-1

[Event "Gibtelecom Masters"]
[Site "Catalan Bay ENG"]
[Date "2007.01.30"]
[Round "7"]
[White "Vea,O"]
[Black "Adnani,M"]
[Result "0-1"]
[WhiteElo "2147"]
[BlackElo "2265"]
[EventDate "2007.01.23"]

1. e4 c5 2. a3 e6 3. b4 b6 4. Bb2 Bb7 5. Nc3 d5 6. exd5 exd5 7. Bb5+ Nd7 8.
Nf3 Ngf6 9. O-O Be7 10. bxc5 bxc5 11. Ne2 d4 12. Ng3 O-O 13. c3 Rb8 14.
Bxd7 Qxd7 15. Rb1 Bd5 16. cxd4 Ba2 17. dxc5 Bxb1 18. Qxb1 Qb5 19. Qe1 Rfe8
20. Be5 Bxc5 21. Qa1 Rb6 22. d4 Bf8 23. a4 Qb2 24. Qe1 Ng4 25. Qe4 Nxe5 26.
Nxe5 Bd6 27. f4 Qa2 28. Qf3 Rb1 29. Nf5 Rxf1+ 30. Qxf1 Bxe5 31. fxe5 Rb8
0-1

[Event "Gibtelecom Masters"]
[Site "Catalan Bay ENG"]
[Date "2007.01.30"]
[Round "7"]
[White "Player,E"]
[Black "Navarro Torres,P"]
[Result "1/2-1/2"]
[WhiteElo "2142"]
[BlackElo "2235"]
[EventDate "2007.01.23"]

1. e4 d5 2. exd5 Nf6 3. d4 Bg4 4. Nf3 Qxd5 5. Nc3 Bxf3 6. Nxd5 Bxd1 7.
Nxf6+ exf6 8. Kxd1 Bd6 9. Be2 Nd7 10. c3 O-O 11. Bf3 c6 12. Kc2 f5 13. Bd2
Nf6 14. Rae1 Rfe8 15. h3 Ne4 16. Be3 g6 17. Re2 Re6 18. Rhe1 Rae8 19. a3
Ng3 20. d5 cxd5 21. fxg3 Bxg3 22. Rd1 Rxe3 23. Red2 R3e5 24. Rxd5 Rxd5 25.
Rxd5 Re7 26. c4 b6 27. b4 Rc7 28. Kb3 Bf2 29. Rd8+ Kg7 30. Bd5 h5 31. Ka4
g5 32. Kb5 g4 33. Ka6 Kf6 34. Ra8 Ke5 35. Rxa7 Rxa7+ 36. Kxa7 f6 37. Kb7 f4
38. a4 f3 39. hxg4 fxg2 40. Bxg2 hxg4 41. a5 bxa5 42. bxa5 f5 43. Bd5 f4
44. Kc6 Ba7 45. Kb7 Bc5 46. a6 f3 47. a7 Bxa7 48. Kxa7 Kd4 49. Kb6 f2 50.
Bg2 Kxc4 51. Kc6 Kd4 52. Kd6 Ke3 53. Ke5 g3 54. Kf5 f1=Q 55. Bxf1 Kf2
1/2-1/2

[Event "Gibtelecom Masters"]
[Site "Catalan Bay ENG"]
[Date "2007.01.30"]
[Round "7"]
[White "Prasanna,Ra"]
[Black "Millward,R"]
[Result "1-0"]
[WhiteElo "2234"]
[BlackElo "2140"]
[EventDate "2007.01.23"]

1. e4 c5 2. Nf3 e6 3. d4 cxd4 4. Nxd4 a6 5. Nc3 Qc7 6. Bd3 Nc6 7. Nxc6 bxc6
8. O-O Bd6 9. h3 Bc5 10. Qg4 Qe5 11. Bf4 h5 12. Qf3 Qf6 13. e5 Qe7 14. Ne4
f5 15. exf6 Nxf6 16. Nxc5 Qxc5 17. Qg3 Kf7 18. Bd6 Qd4 19. Be5 Qc5 20. Qg6+
Kf8 21. Bxf6 gxf6 22. Qxf6+ Kg8 23. Qg6+ Kf8 24. Rae1 Qd4 25. Re4 Qxb2 26.
Qg5 Ke8 27. Rb4 Qc3 28. Bg6+ Kf8 29. Rf4+ Kg7 30. Rf7+ Kg8 31. Qd8+ 1-0

[Event "Gibtelecom Masters"]
[Site "Catalan Bay ENG"]
[Date "2007.01.30"]
[Round "7"]
[White "Edwards,R"]
[Black "Klokas,K"]
[Result "1-0"]
[WhiteElo "2131"]
[BlackElo "2231"]
[EventDate "2007.01.23"]

1. d4 f5 2. g3 g6 3. Bg2 Bg7 4. Nf3 Nf6 5. O-O d6 6. c4 O-O 7. Nc3 c6 8. d5
Qe8 9. Qc2 Na6 10. Rd1 Nc7 11. Rb1 cxd5 12. cxd5 b5 13. Qb3 a5 14. Nd4 Bd7
15. a3 Kh8 16. Nc6 Ncxd5 17. Nxd5 Bxc6 18. Nc7 Qd7 19. Bxc6 Qxc6 20. Nxa8
Rxa8 21. Be3 Ng4 22. Qe6 Qe4 23. Qxe4 fxe4 24. Bd4 e5 25. Bb6 Bf8 26. Rbc1
Ra6 27. Rc8 Kg7 28. Be3 Nxe3 29. fxe3 Be7 30. Rdc1 Bg5 31. Kf2 d5 32. R1c7+
Kh6 33. h4 Rf6+ 34. Kg2 Bxe3 35. Rh8 Rf2+ 36. Kh3 g5 37. Rhxh7+ Kg6 38. h5+
Kf5 39. Rhf7+ Ke6 40. Rxf2 Bxf2 41. h6 1-0

[Event "Gibtelecom Masters"]
[Site "Catalan Bay ENG"]
[Date "2007.01.30"]
[Round "7"]
[White "Ocana Roca,J"]
[Black "Narayanan,S"]
[Result "1-0"]
[WhiteElo "2130"]
[BlackElo "2229"]
[EventDate "2007.01.23"]

1. e4 c5 2. Nf3 d6 3. d4 cxd4 4. Nxd4 Nf6 5. Nc3 a6 6. Bc4 e6 7. Bb3 b5 8.
O-O Be7 9. f4 O-O 10. Be3 b4 11. Na4 Nxe4 12. f5 d5 13. fxe6 fxe6 14. Rxf8+
Bxf8 15. Nf3 a5 16. Nb6 Ra6 17. Nxd5 Rd6 18. Qd4 exd5 19. Qxe4 a4 20. Ng5
g6 21. Qf3 Bf5 22. Bxa4 h6 23. Nh3 Nd7 24. Bd4 Nf6 25. Bb3 h5 26. Nf4 Ne4
27. Nxh5 Qd7 28. Ng3 Bg7 29. Qe3 Re6 30. Bxg7 Kxg7 31. Qd4+ Kh7 32. Re1 Rd6
33. Re3 Qc7 34. Rf3 Nxg3 35. hxg3 Re6 36. Rf4 Re4 37. Rh4+ Rxh4 38. Qxh4+
Kg7 39. Qxb4 Qxg3 40. Qc3+ 1-0

[Event "Gibtelecom Masters"]
[Site "Catalan Bay ENG"]
[Date "2007.01.30"]
[Round "7"]
[White "Hartvig,O"]
[Black "Vinas Guerrero,C"]
[Result "1/2-1/2"]
[WhiteElo "2225"]
[BlackElo "2124"]
[EventDate "2007.01.23"]

1. e4 c5 2. Nf3 d6 3. d4 cxd4 4. Nxd4 Nf6 5. Nc3 a6 6. f4 e5 7. Nf3 Qc7 8.
a4 Be7 9. Bd3 O-O 10. O-O Nbd7 11. Kh1 Nc5 12. Qe1 Nxd3 13. cxd3 exf4 14.
Bxf4 Be6 15. Ng5 Qd7 16. a5 Rac8 17. Bd2 d5 18. Na4 Rc6 19. Nb6 Qd8 20. Rc1
Rxc1 21. Qxc1 h6 22. Nxe6 fxe6 23. exd5 Nxd5 24. Rxf8+ Kxf8 25. Qf1+ Kg8
26. Nc4 Bf6 27. Qe2 Qd7 28. h3 Qc6 29. Qe4 Kf7 30. Qf3 Kg8 31. Qe4 Bxb2 32.
Qf3 1/2-1/2

[Event "Gibtelecom Masters"]
[Site "Catalan Bay ENG"]
[Date "2007.01.30"]
[Round "7"]
[White "Ramaswamy,A"]
[Black "Fellousi,A"]
[Result "1-0"]
[WhiteElo "2224"]
[BlackElo "2118"]
[EventDate "2007.01.23"]

1. e4 c5 2. Nf3 d6 3. d4 cxd4 4. Nxd4 Nf6 5. Nc3 a6 6. Bg5 e6 7. f4 Be7 8.
Qf3 Qc7 9. O-O-O Nbd7 10. Bd3 b5 11. Rhe1 Bb7 12. Qg3 b4 13. Nd5 exd5 14.
exd5 Kd8 15. Nc6+ Bxc6 16. dxc6 Qxc6 17. Bxf6 Bxf6 18. Be4 Qc8 19. Bxa8
Qxa8 20. Rxd6 Re8 21. Rxd7+ Kxd7 22. Qd3+ Kc7 23. Qc4+ Kb6 24. Qxb4+ Ka7
25. Qc5+ Kb7 26. Qd5+ Kb6 27. Qd6+ 1-0

[Event "Gibtelecom Masters"]
[Site "Catalan Bay ENG"]
[Date "2007.01.30"]
[Round "7"]
[White "Agdestein,Em"]
[Black "Nordstrom,F"]
[Result "1-0"]
[WhiteElo "2116"]
[BlackElo "2199"]
[EventDate "2007.01.23"]

1. e4 c5 2. a3 Nc6 3. b4 b6 4. b5 Nb8 5. Bb2 Bb7 6. d3 e6 7. g3 d5 8. Nd2
Nf6 9. Bg2 Be7 10. e5 Nfd7 11. f4 O-O 12. c4 Qc7 13. cxd5 exd5 14. Ngf3 f5
15. O-O Rd8 16. Bh3 g6 17. g4 fxg4 18. Bxg4 Nf8 19. Qe2 Bc8 20. e6 Bd6 21.
Ng5 Bxf4 22. Nf7 Re8 23. Rxf4 Qxf4 24. Rf1 Qxf1+ 25. Qxf1 1-0

[Event "Gibtelecom Masters"]
[Site "Catalan Bay ENG"]
[Date "2007.01.30"]
[Round "7"]
[White "Tscharotschkin,M"]
[Black "Dimitrijevic,Dragan"]
[Result "1-0"]
[WhiteElo "2197"]
[BlackElo "2052"]
[EventDate "2007.01.23"]

1. e4 c5 2. c3 d5 3. exd5 Qxd5 4. d4 Nc6 5. Nf3 Bf5 6. Be2 Bxb1 7. Rxb1
Qxa2 8. Be3 cxd4 9. Nxd4 e6 10. O-O Nxd4 11. Qxd4 Ne7 12. Bb5+ Nc6 13. Rfd1
Be7 14. Qd7+ Kf8 15. Qxb7 1-0

[Event "Gibtelecom Masters"]
[Site "Catalan Bay ENG"]
[Date "2007.01.30"]
[Round "7"]
[White "Obers,F"]
[Black "Martin Macias,D"]
[Result "1/2-1/2"]
[WhiteElo "2071"]
[BlackElo "2192"]
[EventDate "2007.01.23"]

1. d4 Nf6 2. c4 g6 3. Nc3 Bg7 4. e4 d6 5. f4 O-O 6. Nf3 c5 7. d5 e6 8. Be2
exd5 9. cxd5 Bg4 10. O-O Nbd7 11. Re1 Re8 12. h3 Bxf3 13. Bxf3 c4 14. Be3
Qa5 15. Bd4 Nc5 16. b4 Qxb4 17. Rb1 Qa5 18. Rb5 Qa6 19. Bxc5 dxc5 20. e5
Nd7 21. d6 Rab8 22. a4 b6 23. Nd5 Nf8 24. Nc7 Qc8 25. a5 Rd8 26. axb6 axb6
27. Qb1 Bh6 28. Nd5 Qa6 29. g4 Ne6 30. Rxb6 Rxb6 31. Qxb6 Qxb6 32. Nxb6
Bxf4 33. Nxc4 Rb8 34. Bd5 Nd4 35. Ra1 Ne6 36. h4 Nd8 37. Ra5 Bg3 38. h5
Rb1+ 39. Kg2 Bh4 40. Rxc5 Kg7 41. hxg6 hxg6 42. Rc7 Kf8 43. Ne3 Rb5 44. Rc8
Kg7 45. Rc7 1/2-1/2

[Event "Gibtelecom Masters"]
[Site "Catalan Bay ENG"]
[Date "2007.01.30"]
[Round "7"]
[White "Pettersen,J"]
[Black "Dunn,An1"]
[Result "0-1"]
[WhiteElo "2032"]
[BlackElo "2190"]
[EventDate "2007.01.23"]

1. Nf3 d5 2. d4 Nf6 3. Bf4 Bf5 4. e3 c6 5. c4 e6 6. Qb3 Qb6 7. c5 Qxb3 8.
axb3 Nbd7 9. b4 Nh5 10. Bg3 Nxg3 11. hxg3 Bxb1 12. Rxb1 a6 13. Ra1 Rc8 14.
Bd3 g6 15. Nh4 e5 16. Nxg6 fxg6 17. Bxg6+ Ke7 18. Kd2 Bg7 19. Bxh7 Rcf8 20.
f3 exd4 21. exd4 Bxd4 22. Rae1+ Kd8 23. b3 Bf2 24. Ra1 Bxg3 25. b5 Nxc5 0-1

[Event "Gibtelecom Masters"]
[Site "Catalan Bay ENG"]
[Date "2007.01.30"]
[Round "7"]
[White "Mundaca,J"]
[Black "Carame Gonzalez,F"]
[Result "1-0"]
[WhiteElo "2167"]
[BlackElo "1916"]
[EventDate "2007.01.23"]

1. d4 Nf6 2. Nf3 d5 3. Bg5 e6 4. e3 c5 5. c3 Nc6 6. Bd3 Be7 7. Nbd2 cxd4 8.
exd4 O-O 9. O-O h6 10. Bh4 Nh5 11. Bxe7 Qxe7 12. g3 Nf6 13. Qe2 Qc7 14. Kh1
Re8 15. Ne5 Nxe5 16. dxe5 Nd7 17. f4 Nc5 18. Bc2 Bd7 19. a4 Bc6 20. Nf3 a5
21. Nd4 Bd7 22. Rf3 Re7 23. g4 Rf8 24. g5 h5 25. g6 fxg6 26. Bxg6 Be8 27.
Rg1 Bxg6 28. Rxg6 Kf7 29. Rfg3 Ne4 30. Rg1 Ke8 31. Nxe6 Rxe6 32. Rxe6+ Kd8
33. Rf1 Qd7 34. Rg6 h4 35. Qg4 Qxa4 36. Rxg7 Qb5 37. Qxh4+ Kc8 38. Qh3+ Kb8
39. Qg2 1-0

[Event "Gibtelecom Masters"]
[Site "Catalan Bay ENG"]
[Date "2007.01.30"]
[Round "7"]
[White "Borvander,T"]
[Black "Cardenas Romo,A"]
[Result "1-0"]
[WhiteElo "2161"]
[BlackElo "1891"]
[EventDate "2007.01.23"]

1. d4 d5 2. c4 c6 3. Nf3 Nf6 4. Nc3 e6 5. Bg5 Qb6 6. Qc2 Ne4 7. Nxe4 dxe4
8. c5 Qa5+ 9. Bd2 Qc7 10. Qxe4 Nd7 11. Qc2 Nf6 12. e4 Be7 13. Bd3 O-O 14.
e5 Nd5 15. Bxh7+ Kh8 16. Be4 f5 17. exf6 Bxf6 18. O-O Kg8 19. Rae1 Kf7 20.
Ne5+ Bxe5 21. dxe5 Rh8 22. Bg5 Bd7 23. f4 Raf8 24. a3 Kg8 25. Rf3 a5 26.
Bd3 Qc8 27. Qd2 Qc7 28. h3 b6 29. cxb6 Qxb6+ 30. Kh1 c5 31. f5 Bc6 32. Be4
c4 33. fxe6 Rxf3 34. Bxf3 Nc7 35. Bg4 Nxe6 36. Bxe6+ 1-0

[Event "Gibtelecom Masters"]
[Site "Catalan Bay ENG"]
[Date "2007.01.30"]
[Round "7"]
[White "Ashby,Ant"]
[Black "Benaddi,M"]
[Result "1/2-1/2"]
[WhiteElo "2226"]
[BlackElo "2084"]
[EventDate "2007.01.23"]

1. e4 c5 2. Nc3 g6 3. Nf3 Bg7 4. d4 cxd4 5. Nxd4 Nc6 6. Be3 d6 7. Be2 Nf6
8. O-O O-O 9. Qd2 d5 10. exd5 Nxd5 11. Nxd5 Qxd5 12. Bf3 Qd7 13. Rad1 Ne5
14. Be2 Ng4 15. Bxg4 Qxg4 16. Bh6 Bd7 17. Bxg7 Kxg7 18. h3 Qh5 19. Qc3 Kg8
20. Qc7 Bc6 21. Nxc6 bxc6 22. Rd2 Qc5 23. Rfd1 Rac8 24. Qf4 Qb6 25. Qd4 Qa5
26. Qc4 Rb8 27. c3 e6 28. Qxc6 Qxa2 29. b4 Qb3 30. Qf3 Rbc8 31. Rd3 Kg7 32.
Qe3 Kg8 33. Qe5 a6 34. h4 h5 35. Qf6 Rfe8 36. Re1 e5 37. Ree3 Re6 38. Rd8+
Rxd8 39. Qxd8+ Kg7 40. Qd7 e4 41. Qd4+ Kg8 42. Kh2 Qb2 1/2-1/2

[Event "Gibtelecom Masters"]
[Site "Catalan Bay ENG"]
[Date "2007.01.30"]
[Round "7"]
[White "Hickman,J"]
[Black "Menon,Sh"]
[Result "0-1"]
[WhiteElo "2052"]
[BlackElo "2194"]
[EventDate "2007.01.23"]

1. e4 c5 2. Nf3 d6 3. d4 cxd4 4. Nxd4 Nf6 5. Nc3 a6 6. Be3 b5 7. f3 e6 8.
g4 Bb7 9. Qd2 Nfd7 10. O-O-O Nb6 11. Qf2 N8d7 12. Bd3 Rc8 13. Nce2 Nc5 14.
Nxb5 axb5 15. Bxb5+ Nbd7 16. e5 d5 17. Kb1 Ba6 18. Bxa6 Nxa6 19. f4 Bc5 20.
Nd4 O-O 21. h4 Rb8 22. Nb3 Bxe3 23. Qxe3 Qb6 24. Qg3 Ndc5 25. Rh2 Ne4 26.
Qf3 Nb4 27. f5 Rfc8 28. f6 Nxa2 29. Kxa2 Ra8+ 30. Kb1 Qa6 31. Re2 Qa2+ 32.
Kc1 Qa1+ 0-1

[Event "Gibtelecom Masters"]
[Site "Catalan Bay ENG"]
[Date "2007.01.30"]
[Round "7"]
[White "Fogel,P"]
[Black "Mcgrane,S"]
[Result "1-0"]
[WhiteElo "2193"]
[BlackElo "2031"]
[EventDate "2007.01.23"]

1. d4 Nf6 2. c4 e6 3. Nf3 Bb4+ 4. Bd2 Qe7 5. g3 Nc6 6. Bg2 Bxd2+ 7. Nbxd2
d6 8. O-O a5 9. Nb1 O-O 10. Nc3 e5 11. d5 Nb8 12. Qc2 Na6 13. a3 Bd7 14.
Ne1 Nc5 15. b4 axb4 16. axb4 Rxa1 17. bxc5 Rfa8 18. c6 bxc6 19. dxc6 Be6
20. Nb5 d5 21. Qb2 d4 22. Qb3 Ne8 23. Nd3 Rxf1+ 24. Bxf1 f6 25. h4 Nd6 26.
Nxd6 Qxd6 27. Bg2 Qd8 28. Nc5 Bf7 29. Nd7 Kh8 30. Be4 Ra1+ 31. Kg2 Be6 32.
Bd5 Bf5 33. f3 h6 34. Kf2 Kh7 35. g4 Bxd7 36. cxd7 f5 37. g5 hxg5 38. Be6
gxh4 39. Bxf5+ Kh6 40. c5 Qg5 41. Qe6+ g6 42. Qxg6+ Qxg6 43. Bxg6 Ra8 44.
Be4 Rf8 45. Kg2 Kg5 46. c6 Kf4 47. Kh3 Rh8 48. Bg6 Rb8 49. Kxh4 Rh8+ 50.
Bh5 e4 51. fxe4 Kxe4 52. Kg5 1-0